Państwa dorzecza Nilu na mapie - Statystyki

Ogólne statystyki
  • Ten quiz został rozwiązany 2 157 razy
  • Średni wynik to 10 z 11
Odpowiedzi na mapie
Odpowiedzi zakodowano w zielono-czerwonej skali na mapie do tego quizu, zgodnie z poniższymi procentami.
 
Statystyki odpowiedzi
Państwo % Poprawnych
Egipt
100%
Sudan
98%
Sudan Południowy
97%
Etiopia
95%
Demokratyczna Republika Konga
94%
Kenia
94%
Erytrea
93%
Tanzania
89%
Rwanda
87%
Uganda
87%
Burundi
80%
Nie znaleziono quizów pasujących do podanych kryteriów
Rozkład punktacji
Procent ludzi z każdym wynikiem
Percentyl według liczby udzielonych odpowiedzi
Twoja historia wyników
Nie rozwiązałeś tego quizu